Laufey Least/Most popular - Statistics

General Stats
  • This quiz has been taken 16 times
  • The average score is 13 of 20
Answer Stats
Streams Answer Album/EP % Correct
1.) 1,087,962,340 From The Start Bewitched
100%
2.) 512,202,122 Falling Behind Everything I Know About Love
83%
8.) 197,749,164 Lover Girl A Matter Of Time
83%
7.) 12,148,185 Clean Air A Matter Of Time
75%
3.) 398,008,575 Let You Break My Heart Again Single
75%
5.) 374,010,258 Promise Bewitched
75%
4.) 392,088,702 Valentine Everything I Know About Love
75%
7.) 212,274,436 Winter Wonderland A Very Laufey Holiday
75%
8.) 14,645,259 A Cautionary Tale A Matter Of Time
67%
6.) 242,285,677 A Night To Remember Single
58%
5.) 10,212,902 How I Get Single
58%
9.) 146,087,550 I Wish You Love Typical Of Me
58%
10.) 124,374,873 Like The Movies Typical Of Me
58%
1.) 3,408,847 Christmas Magic A Very Laufey Holiday
50%
6.) 10,450,885 Cuckoo Ballet - Interlude A Matter Of Time
50%
10.) 14,999,597 Questions For The Universe Everything I Know About Love
50%
3.) 6,928,173 Seems Like Old Times - Bonus Track A Matter Of Time
50%
9.) 14,875,220 Better Than Snow Christmas With You
42%
4.) 7,842,797 Have Yourself A Merry Little Christmas Christmas With You
42%
2.) 5,792,980 Santa Claus Is Comin' To Town A Very Laufey Holiday
42%
No matching quizzes found
Score Distribution
Percent of People with Each Score
Percentile by Number Answered
Your Score History
You have not taken this quiz